[Event "II Torneo Paterna-B 2021"]
[Site "Paterna"]
[Date "2021.10.18"]
[Round "1.1"]
[White "Howell, David W L"]
[Black "Gimeno Higueras, Roberto"]
[Result "1-0"]
[WhiteElo "2658"]
[BlackElo "2166"]
[Annotator "TA"]
[PlyCount "131"]
[EventDate "2021.10.18"]
[EventType "tourn"]
[EventCountry "ESP"]
[SourceTitle "playchess.com"]
[Source "ChessBase"]
[SourceQuality "1"]

{[%evp 9,131,-19,16,19,35,33,43,44,60,52,96,32,21,29,20,18,205,210,222,210,215,176,213,106,98,76,90,25,100,-12,-8,-24,0,-50,-56,-44,-60,-52,0,0,0,0,0,-7,0,-17,5,2,9,0,0,0,103,96,104,92,72,57,304,290,284,170,194,202,334,339,422,411,438,446,436,428,402,390,531,497,454,12,427,0,329,213,339,213,260,206,208,154,154,160,662,429,357,0,652,622,538,339,2029,1773,1453,29951,29967,0,0,0,29946,2357,4898,733,1499,631,29970,1557,29969,29972,29964,29954,2093,1479,29996,15,29997,0]} 1. e4 c6 2. Nf3 d5 3. d3 dxe4 4. dxe4 Qxd1+ 5. Kxd1 Bg4 6. c3 {B10: Caro-Kann: 2 d3 and 2 c4.} Nd7 {[#]} 7. Kc2 $146 ({Predecessor:} 7. Be2 O-O-O 8. Kd2 Nc5+ 9. Nd4 Bxe2 10. Kxe2 e5 11. Nf3 Nxe4 12. Re1 f6 13. Kf1 {0-1 (22) Gorelov,I-Lukianov,A (1875) Dimitrovgrad 2013}) 7... Ngf6 8. Nfd2 {White is slightly better.} e5 9. a4 a5 10. Na3 ({White should play} 10. f3 $16) 10... Nc5 $14 11. f3 Be6 12. Bc4 Nxa4 $2 (12... Bd7 $11) 13. Bxe6 $18 fxe6 14. Nac4 b5 15. Nxe5 Ra6 {[#]} 16. Nb3 (16. Ndc4 $1 $18 {[%mdl 512] and the rest is easy.}) 16... Bd6 $16 17. Nd3 {Black must now prevent e5.} Nd7 18. Be3 (18. Nd4 $16) 18... O-O {[#]} (18... c5 $1 $11) 19. f4 (19. Nd4 $1 $16) 19... c5 $11 {aiming for ...c4.} 20. e5 (20. Ne5 $5 Bxe5 21. fxe5 $11) 20... Be7 21. c4 (21. Nf2 {feels hotter.} Ndb6 22. g3 Nd5 23. Rhe1 g5 24. Nh3) 21... bxc4 22. Rxa4 {[%mdl 64] Double Attack} cxb3+ 23. Kxb3 Rb8+ (23... Rc8 $15 24. Nf2 Nb6) 24. Kc2 Nb6 25. Re4 $36 {[%mdl 2048] White has some pressure.} c4 26. Nf2 Nd5 27. Ra1 Nxe3+ (27... c3 {looks sharper.} 28. bxc3 a4 29. Nd1 a3 30. Bd2 Kf7) 28. Rxe3 Bc5 29. Rf3 Rb3 {Strongly threatening ...Rxf3.} 30. Ne4 Bd4 (30... Rxf3 $1 $11 31. gxf3 Be3) 31. Rxb3 $16 cxb3+ 32. Kxb3 {[%mdl 4096] Endgame KRB-KRN} Rb6+ 33. Kc4 Bxb2 ({Black should try} 33... Rb4+ $1 $14 34. Kd3 Bb6) 34. Rxa5 $18 h6 35. Ra7 (35. Ra8+ $142 Kh7 36. Nc5) 35... Bc1 36. g3 Rb2 (36... Be3 $142 37. Rd7 Rc6+ 38. Kd3 Bg1 39. Rd8+ Kh7) 37. h4 Be3 38. Re7 Rb6 39. h5 Kf8 40. Rd7 Rc6+ 41. Kd3 Bc1 42. Nd6 Ba3 43. Rf7+ Kg8 {And now ...Rxd6+ would win.} 44. Rd7 Kf8 $1 45. Nc4 Bb4 (45... Be7 {was worth a try.} 46. g4 Rc8) 46. Rb7 Be1 47. g4 Bg3 48. f5 exf5 49. gxf5 Ra6 (49... Rc5 $16) 50. Rb8+ Ke7 51. Rb7+ $2 (51. Kd4) 51... Kf8 52. Ke4 Ra4 53. Kd5 Ra1 $2 (53... Rxc4 54. Kxc4 Bxe5) 54. Ke6 {[%cal Rb7b8]} Ra6+ 55. Nd6 {[%cal Rb7b8]} Ra8 56. Ne4 $2 (56. Rc7 Bxe5 57. Kxe5 Ra1 58. Ke6 Kg8 59. Rc8+ Kh7 60. Nf7 Re1+ 61. Kd5 Rd1+ 62. Ke4 Re1+ 63. Kf3) 56... Ra6+ 57. Nd6 $2 {[%mdl 8192]} (57. Kd5 $11 Ra5+ 58. Kd4 Bxe5+ 59. Kc4) 57... Ra8 $1 58. Rb3 (58. Rc7 $142 Bxe5 59. Kxe5 Ra1 60. Ke6 Kg8 61. Rc8+ Kh7 62. Nf7 Ra6+ 63. Ke5 Ra5+ 64. Kd4 Ra4+ 65. Kd3 Ra3+ 66. Kc4) 58... Bh2 59. Rb5 (59. Rc3 $142 Bxe5 60. Kxe5) 59... Bg3 60. Kd5 (60. Rc5 $142 Bxe5 61. Kxe5) 60... Ra1 61. Rb8+ Ke7 62. f6+ gxf6 63. Nf5+ Kd7 64. Rb7+ Kc8 65. Nd6+ Kd8 66. Ke4 $2 {[%mdl 32768] Weighted Error Value: White=0.63/Black=0.71. Sensor Board Error (Ke4/e5)?} (66. Ke6 {mates} Ra7 67. Rxa7 fxe5 68. Rd7#) 1-0

[Event "II Torneo Paterna-B 2021"]
[Site "Paterna"]
[Date "2021.10.18"]
[Round "1.2"]
[White "Pallardo Lozoya, Jose Vicente"]
[Black "Kovacevic, Slobodan"]
[Result "1-0"]
[WhiteElo "2357"]
[BlackElo "2221"]
[Annotator "TA"]
[PlyCount "63"]
[EventDate "2021.10.18"]
[EventType "tourn"]
[EventCountry "ESP"]
[SourceTitle "playchess.com"]
[Source "ChessBase"]
[SourceQuality "1"]

{[%evp 9,63,5,3,-11,-10,4,0,0,0,-19,17,46,49,43,91,63,142,137,137,136,168,168,154,156,161,134,157,129,112,85,135,120,156,156,150,117,171,166,199,183,247,244,244,244,229,240,309,318,717,717,734,719,780,816,807,761]} 1. e4 c5 2. Nc3 e6 3. g3 d6 4. Bg2 Nf6 5. d3 Nc6 6. Nh3 {B24: Closed Sicilian: 3 g3 sidelines.} Rb8 7. O-O Be7 8. f4 {The position is equal.} O-O 9. g4 {[#]} Qc7 $146 ({Predecessor:} 9... Re8 10. Nf2 Nd7 11. g5 b5 12. Ne2 b4 13. a3 a5 14. axb4 axb4 15. Be3 e5 {0-1 (47) Lerch,P (2350)-Bezold,M (2456) France 2004}) 10. g5 Nd7 11. f5 Re8 12. f6 Bf8 (12... gxf6 $14 13. Qh5 Nce5) 13. fxg7 Bxg7 14. Nf4 ({Resist} 14. Qh5 $6 Nde5 $14) 14... Nce5 15. Nh5 b5 16. Nxg7 Kxg7 17. Ne2 Rg8 18. Nf4 Kh8 19. Nh5 Qd8 20. c3 Qe7 21. d4 Ng6 22. Qe1 cxd4 (22... e5 $16 {was necessary.}) 23. cxd4 $18 Bb7 24. Be3 a6 (24... b4 {keeps fighting.} 25. Qg3 Ba6) 25. Rc1 Rbc8 26. Rxc8 Rxc8 27. Qf2 Rf8 28. h4 Kg8 $2 {[#]} (28... Rg8 29. Bd2 Ba8 30. Qxf7 Rf8 31. Qxe7 Rxf1+ 32. Kxf1 Nxe7) 29. Nf6+ {White is clearly winning.} Kg7 30. h5 Rh8 31. Nxd7 Qxd7 32. Qf6+ {Weighted Error Value: White=0.08/Black=0.28} 1-0

[Event "II Torneo Paterna-B 2021"]
[Site "Paterna"]
[Date "2021.10.18"]
[Round "2.1"]
[White "Gimeno Higueras, Roberto"]
[Black "Nihal Sarin"]
[Result "0-1"]
[WhiteElo "2166"]
[BlackElo "2652"]
[Annotator "TA"]
[PlyCount "56"]
[EventDate "2021.10.18"]
[EventType "tourn"]
[EventCountry "ESP"]
[SourceTitle "playchess.com"]
[Source "ChessBase"]
[SourceQuality "1"]

{[%evp 9,56,8,10,19,36,8,64,27,141,114,135,-12,-20,-19,-15,-85,-108,-212,-102,-179,0,0,0,-182,0,-377,-384,-504,-498,-612,-612,-652,-639,-633,-339,-532,-520,-554,-563,-641,-635,-645,-644,-908,-923,-1031,-891,-1087,-1062]} 1. e4 g6 2. Nc3 Bg7 3. d3 c6 4. f4 d5 5. Bd2 dxe4 6. dxe4 {B06: Modern Defence.} e5 {[#]} 7. Nf3 $146 ({Predecessor:} 7. fxe5 Qe7 8. Bc4 Bxe5 9. Nf3 Bg7 10. Qe2 Bg4 11. O-O Nd7 12. Qf2 Bxf3 13. gxf3 {½-½ (40) Wademark,H (2154)-Janse,L (2178) Stockholm 2007}) 7... exf4 (7... Nd7 $1 $11) 8. Bc4 {White is slightly better.} Nd7 (8... Qe7 $11 {keeps the balance.}) 9. Bxf4 $16 Ngf6 10. Bxf7+ Kxf7 $11 11. Ng5+ $1 Kg8 {White must now prevent ...Qe8.} 12. Qd6 (12. Qd3 $1 $11 {remains equal.} b5 13. Ne2 Qa5+ 14. Bd2) 12... Qe8 $17 {...Nb6 is the strong threat.} 13. O-O (13. Ne6 $17 {was worth a try.}) 13... Bf8 (13... Nb6 $19 {has better winning chances. aiming for ...h6.} 14. Rae1 Nh5) 14. Qd3 (14. Qe6+ $17 Qxe6 15. Nxe6) 14... Bc5+ $2 (14... Kg7 $19 {Hoping for ...Bc5+.} 15. Qc4 Nb6) 15. Kh1 $11 {Strongly threatening Qc4+.} Nb6 {Threatens to win with ...Be6.} 16. Bc7 $2 {[#]} (16. Bd6 $11 Bxd6 17. Qxd6) 16... Ng4 $2 (16... h6 $1 $19 17. Bd6 Bxd6 {[%mdl 64] Overworked Piece} 18. Qxd6 {[#]} Nc4 $1 19. Qxf6 hxg5 20. Qxg5 Rh5) 17. Bxb6 $4 {[%mdl 8192]} (17. Na4 $11 {and White has nothing to worry.} Nf2+ 18. Rxf2 Bxf2 19. Qb3+ {[%mdl 64] Double Attack} Be6 20. Nxe6) 17... axb6 $19 {[%cal Ba7b6,Bb6b5,Bb5c4][%mdl 32]} 18. Qc4+ Kg7 19. Rf7+ Kh6 20. e5 Qxe5 {[%csl Gg4][%cal Re5h2]} 21. Nf3 Qe3 22. Nd1 {[#]} (22. Re1 $142 b5 23. Qb3 Nf2+ 24. Kg1 Qxe1+ 25. Nxe1 Ne4+ 26. Kh1) 22... b5 $1 {[%mdl 512] Black is clearly winning.} 23. Nxe3 {Qf4+ would kill now.} (23. Qxg4 Bxg4) 23... bxc4 24. Nxg4+ Bxg4 25. Ne5 Be6 26. Rf6 Rhe8 27. Raf1 Kg7 28. h3 Bd4 {Weighted Error Value: White=1.12/Black=0.75} 0-1

[Event "II Torneo Paterna-B 2021"]
[Site "Paterna"]
[Date "2021.10.18"]
[Round "2.2"]
[White "Luque Saiz, Andres"]
[Black "Roca Galarza, Jose"]
[Result "0-1"]
[WhiteElo "2307"]
[BlackElo "2297"]
[Annotator "TA"]
[PlyCount "77"]
[EventDate "2021.10.18"]
[EventType "tourn"]
[EventCountry "ESP"]
[SourceTitle "playchess.com"]
[Source "ChessBase"]
[SourceQuality "1"]

{[%evp 26,77,35,37,21,23,25,18,25,-62,-66,-136,1,0,0,0,0,0,14,0,0,0,0,0,0,0,7,-104,-106,-144,-129,-139,-129,-229,-214,-227,-149,-844,-840,-1050,-1085,-969,-1038,-893,-841,-1008,-961,-954,-941,-937,-837,-29976,-29962,-5297]} 1. e4 Nf6 2. e5 Nd5 3. c4 Nb6 4. d4 d6 5. exd6 cxd6 6. Nc3 g6 7. Be3 Bg7 8. Rc1 O-O 9. b3 e5 10. dxe5 dxe5 11. Qxd8 Rxd8 12. c5 N6d7 13. Bc4 Nc6 14. Nf3 {14.Ne4 is vanishing.} Na5 {B03: Alekhine's Defence: Four Pawns Attack.} 15. Bb5 a6 16. Be2 Nc6 {[#] The position is equal.} 17. Ng5 $146 ({White should try} 17. Rd1 $11) ({Predecessor:} 17. Rd1 Nd4 18. Nxd4 exd4 19. Rxd4 Bxd4 20. Bxd4 h5 21. Ne4 Nb6 22. Nf6+ Kf8 23. Nh7+ {½-½ (45) Tomba,F (2373)-Besozzi,F (2245) ICCF email 2012}) 17... h6 $1 $15 {[%cal Rh6g5]} 18. Nge4 (18. Nf3 $15) 18... Nd4 ({Better is} 18... f5 $1 $17 19. Nd6 f4) 19. Bc4 b5 20. Bd5 $36 {[%mdl 2048] White is pushing.} Ra7 21. b4 Nf8 22. Nd6 Be6 $1 23. f3 Bxd5 24. Nxd5 Nfe6 25. Kf2 a5 26. bxa5 (26. Bxd4 $11 Nxd4 {[#]} 27. c6 $1 Rxd6 28. c7 $1 Rxc7 29. Nxc7 axb4 30. Rhd1) 26... Rxa5 $17 27. Nb4 {Bxd4 is the strong threat.} Ra4 28. Bxd4 {Black must now prevent Bc3.} exd4 29. Nd3 (29. a3 $17) 29... Rxa2+ $19 30. Kg3 Nxc5 31. Nxf7 $2 {[%mdl 8192] This move loses the game for White.} (31. Rxc5 $17 Rxd6 32. Rxb5) 31... Nxd3 32. Nxd8 Be5+ 33. f4 Bxf4+ {[%mdl 64] Double Attack} 34. Kf3 Bxc1 35. Rd1 Rd2 36. Rxd2 Bxd2 37. Ke2 Bg5 38. Kxd3 Bxd8 39. Kxd4 {Weighted Error Value: White=0.91/Black=0.25} 0-1

[Event "II Torneo Paterna-B 2021"]
[Site "Paterna"]
[Date "2021.10.18"]
[Round "2.3"]
[White "Kovacevic, Slobodan"]
[Black "Diaz Velandia, Jose Manuel"]
[Result "0-1"]
[WhiteElo "2221"]
[BlackElo "2357"]
[Annotator "TA"]
[PlyCount "118"]
[EventDate "2021.10.18"]
[EventType "tourn"]
[EventCountry "ESP"]
[SourceTitle "playchess.com"]
[Source "ChessBase"]
[SourceQuality "1"]

{[%evp 11,118,8,19,11,6,0,1,-10,6,10,27,22,11,13,37,22,31,3,25,25,54,34,77,67,45,51,57,65,60,59,102,102,149,97,93,97,92,14,6,14,22,-107,-95,-108,-108,-210,-179,-409,-394,-516,-523,-517,-492,-491,-336,-336,-336,-367,-152,-160,-155,-234,-31,-31,-42,-284,-363,-351,-358,-354,-350,-373,-363,-377,-339,-350,-170,-284,-8,-74,-8,-671,-247,-336,-269,-541,-352,-269,-269,-269,-250,-29971,-7132,-29972,-29973,-29969,-29974,-29977,-29977,-29978,-29979,-29980,-29980,-29980,-29981,-29980,-29981,-29983,-29983]} 1. d4 Nf6 2. Nf3 d6 3. Bg5 g6 4. Nbd2 Bg7 5. c3 Nbd7 6. e4 O-O {6...h6 is the modern continuation.} 7. Qc2 {A48: 1 d4 Nf6 2 Nf3 g6: Torre, London and Colle Systems.} e5 8. dxe5 dxe5 9. Be2 {The position is equal.} Qe7 10. O-O Nb6 11. Rfe1 h6 12. Bh4 Bd7 {[#]} 13. b3 $146 ({Predecessor:} 13. Nc4 Nxc4 14. Bxc4 Qc5 15. Bxf6 Bxf6 16. Bb3 Bg4 17. Qe2 Kg7 18. h3 Bd7 19. Rad1 {0-1 (44) Markova,E (1840)-Razgovorov,Y (2088) Barnaul 2013}) 13... Rad8 14. a3 Bc6 15. a4 Nc8 16. Bb5 Bxb5 17. axb5 g5 18. Bg3 Nh5 19. Nf1 Nf4 20. Ne3 Qc5 21. c4 Rd7 22. Rad1 ({White should play} 22. h4 $1) 22... Rfd8 $16 23. Rxd7 Rxd7 24. Rd1 ({Better is} 24. Nf5 $16) 24... Rxd1+ $11 25. Qxd1 {Black must now prevent Qd8+.} Nd6 26. Bxf4 (26. Qc2 $11 {remains equal.}) 26... exf4 $17 27. Nd5 Nxe4 28. Qc2 (28. Qe2 $17 {was called for.} f5 29. g4 fxg3 30. hxg3) 28... f5 $19 {And now ...c6 would win.} 29. h3 $2 (29. g4 {is a better defense.}) 29... c6 30. bxc6 bxc6 31. Nc7 {White hopes to continue with Ne6.} Qe7 32. Na6 g4 33. hxg4 fxg4 34. Nd2 {[#]} Nxd2 (34... Ng3 $1 $19 {[%mdl 512] has better winning chances.} 35. Qb1 (35. fxg3 {is a self mate.} Qe1+ {[%mdl 64] Double Attack} 36. Nf1 Bd4+ 37. Kh2 fxg3+ 38. Nxg3 Qg1#) 35... Ne2+ 36. Kf1 Nc3) 35. Qxd2 $17 g3 36. Kf1 (36. Nb4 $17) 36... gxf2 $2 (36... Qa3 $1 $19 {[%cal Ra3a6]} 37. Qe2 Qd6 38. fxg3 fxg3 39. Qe8+ Bf8) 37. Kxf2 $15 Qe4 {aiming for ...Bd4+.} 38. Nb4 $2 (38. Qe2 $15 Qg6 39. Kf1) 38... Bd4+ $19 39. Kf1 f3 {( -> ...Qb1+)} 40. Nd3 Kh7 41. gxf3 Qxf3+ 42. Ke1 h5 43. Qe2 Qxe2+ 44. Kxe2 {[%mdl 4096] Endgame KB-KN} h4 $2 (44... Bc3 $19 {Threatening ...Kg6.} 45. Nf4 Kh6) 45. Kf3 (45. Nb4 $1 $11) 45... Kg6 (45... a5 $17 {White should prevent ...Kg6.} 46. Nf4 Bf6) 46. Kg4 $2 {[%mdl 8192]} (46. Nb4 $11) 46... Bf6 $2 (46... a5 47. Kf3 Kf5) 47. Nb4 c5 48. Nc6 (48. Na6 Be7 49. Nb8) 48... a6 49. Nb8 a5 {Threatens to win with ...h3!} 50. Nc6 {[#]} Bc3 51. Na7 $2 (51. Ne7+ $19 Kf7 52. Nd5) 51... Kf6 (51... h3 $142 52. Kxh3 Kf5 53. Nb5 Be5 54. Kh4 Ke4 55. Kg5 Kd3 56. Kf5 Bh2 57. Na7 Kc2 58. Nc6 Bc7 59. Ke6 Kxb3 60. Kd5 a4 61. Kxc5 a3 62. Nd4+ Kb2 63. Nb5 {[#]} a2 $1 64. Nxc7 a1=Q 65. Ne6 Kc3 66. Kd5 Qh1+ 67. Kd6 Qd1+ 68. Ke5 Kxc4 69. Nf4 Qc2 70. Ne6 Qe2+ 71. Kd6 Qd2+ 72. Ke5 Qd5+ 73. Kf6 Qe4 74. Ng5 Qf4+ 75. Kg6 Kd5 76. Nf7 Qg4+ 77. Kf6 Qe6+ 78. Kg7 Qf5 79. Nh6 Qg5+ 80. Kf8 Qxh6+ 81. Kf7 Qg5 82. Ke8 Ke6 83. Kf8 Qg3 84. Ke8 Qg8#) 52. Nb5 Bb4 {Black mates.} 53. Kf4 h3 54. Kg3 Ke5 55. Kxh3 Ke4 56. Kg2 Kd3 57. Kf3 Kc2 58. Nd6 Kxb3 59. Ke2 a4 {Weighted Error Value: White=0.62/Black=0.53} 0-1

[Event "II Torneo Paterna-B 2021"]
[Site "Paterna"]
[Date "2021.10.18"]
[Round "3.1"]
[White "Pallardo Lozoya, Jose Vicente"]
[Black "Gimeno Higueras, Roberto"]
[Result "1-0"]
[WhiteElo "2357"]
[BlackElo "2166"]
[Annotator "TA"]
[PlyCount "75"]
[EventDate "2021.10.18"]
[EventType "tourn"]
[EventCountry "ESP"]
[SourceTitle "playchess.com"]
[Source "ChessBase"]
[SourceQuality "1"]

{[%evp 12,75,39,39,35,34,33,25,45,52,147,148,172,154,161,123,124,117,185,134,365,358,360,282,305,292,383,346,337,341,341,295,297,312,445,326,355,116,109,135,284,225,399,320,579,603,641,641,647,649,646,636,618,604,723,628,627,633,825,849,1084,1097,1937,1931,1448,1277]} 1. e4 c6 2. d4 d5 3. e5 Bf5 4. Nf3 e6 5. Be2 Nd7 6. O-O h6 7. Nbd2 Ne7 {B12: Caro-Kann: Advance Variation.} 8. Nb3 g5 9. a4 $1 {[%mdl 4] is more profitable than 9.Ne1 at the moment.} Ng6 {White has an edge.} 10. Ne1 {[#] Hoping for g4.} g4 $146 (10... Nf4 $14) ({Predecessor:} 10... Nf4 11. Bxf4 gxf4 12. Bd3 Qg5 13. Bxf5 Qxf5 14. Qd3 Qg5 15. Qf3 f6 16. Qh3 fxe5 17. dxe5 {1-0 (49) Warmerdam,M (2506)-Checa,N (2527) Bassano del Grappa 2020}) 11. Bxg4 $16 Nh4 12. Bxf5 Nxf5 13. Qh5 Rg8 14. g3 Be7 (14... c5 $16 {is a better defense.}) 15. Ng2 (15. Bxh6 Rh8 $17) ({White should try} 15. a5 $18) 15... Bg5 $2 (15... c5 $16) 16. f4 $18 Be7 17. Ne3 Ng7 18. Qxh6 Qb6 19. a5 Qa6 20. f5 exf5 21. Nxf5 Nxf5 22. Rxf5 Qe2 (22... c5 {was necessary.} 23. Qh5 Qg6) 23. Rf2 Qe1+ 24. Kg2 $2 (24. Rf1 $18 {is the precise move to win.} Qe4 25. a6 bxa6 26. Qxc6) 24... Qe4+ $16 {[#]} 25. Kf1 $1 (25. Kg1 Rg6 $18) 25... O-O-O ({Avoid the trap} 25... Bb4 $2 26. c3 $18) (25... Qh1+ $16 {was worth a try.} 26. Ke2 Qe4+ 27. Qe3 Qxc2+ 28. Kf1 Qh7) 26. Qf4 Qh1+ (26... Qh7 $142 27. a6 (27. Qxf7 $2 Qh3+ 28. Kg1 Rdf8 $17) 27... b6) 27. Ke2 $18 Bg5 $2 (27... f6 28. Be3 Qe4) 28. Qf5 {White is clearly winning.} Qe4+ 29. Qxe4 dxe4 30. Bxg5 Rxg5 31. Rxf7 Rh8 32. Rf2 c5 33. c3 cxd4 34. cxd4 Nf8 35. Rc1+ Kd8 36. Nc5 {[%mdl 64] Double Attack} b6 {[#]} 37. Rxf8+ $1 {[%mdl 64] Remove Defender, Decoy} Rxf8 38. Ne6+ {[%mdl 64] Double Attack.  Weighted Error Value: White=0.29/Black=0.59} 1-0

[Event "II Torneo Paterna-B 2021"]
[Site "Paterna"]
[Date "2021.10.18"]
[Round "3.2"]
[White "Diaz Velandia, Jose Manuel"]
[Black "Howell, David W L"]
[Result "0-1"]
[WhiteElo "2357"]
[BlackElo "2658"]
[Annotator "TA"]
[PlyCount "117"]
[EventDate "2021.10.18"]
[EventType "tourn"]
[EventCountry "ESP"]
[SourceTitle "playchess.com"]
[Source "ChessBase"]
[SourceQuality "1"]

{[%evp 9,117,0,0,-7,-5,-10,-12,-12,-12,-10,-2,-22,-15,-15,-21,-28,-19,-15,-15,-30,-47,-30,-53,-47,-52,-47,-36,-55,-47,-36,-33,-65,-63,-59,-50,-57,-49,-68,0,-38,-31,-29,-11,-37,-37,-66,-38,-76,-30,-91,-72,-65,-60,-71,-50,-60,-67,-51,-29,-25,0,-2,0,-11,-10,-67,-64,-92,-86,-106,-91,-114,-101,-102,-102,-256,-259,-293,-287,-275,-280,-428,-421,-429,-428,-422,-377,-410,-407,-413,-387,-433,-425,-408,-407,-469,-459,-658,-653,-843,-834,-830,-818,-830,-825,-809,-804,-733,-618,-677]} 1. d4 d5 2. Nf3 Nf6 3. e3 Bf5 4. Bd3 e6 5. O-O Bxd3 6. Qxd3 {D04: Colle System.} c5 7. c3 Nc6 8. Nbd2 {[#] The position is equal.} Rc8 $146 ({Predecessor:} 8... Be7 9. Re1 O-O 10. e4 dxe4 11. Nxe4 cxd4 12. cxd4 Rc8 13. Bf4 Nb4 14. Qe2 Nc2 {0-1 (32) De Oliveira,R (1374)-Taira,E (1903) Catalao 2019}) 9. Qe2 Qb6 10. dxc5 Bxc5 11. e4 O-O 12. e5 Nd7 13. Nb3 Be7 14. Be3 Qa6 15. Qxa6 bxa6 16. Bf4 Rb8 17. Rab1 Rfc8 18. Nbd4 Nc5 19. Nxc6 Rxc6 20. Nd4 Rc7 21. Rfd1 Na4 22. Nb3 Nb6 23. Nd2 Na4 24. Nb3 g5 25. Be3 Kg7 26. Kf1 Kg6 27. f3 h5 28. Bf2 Rcb7 29. Rd4 (29. Bd4 $11 {remains equal.}) 29... Nb6 30. Na5 Rc7 31. Rd2 Bc5 32. Bd4 Nd7 33. Nb3 Bf8 34. g3 Rb5 35. f4 Be7 36. Kg2 a5 {[%cal Ba6a5,Ba5a4][%mdl 32]} 37. fxg5 (37. Be3 $11) 37... a4 $15 38. Na1 Bxg5 39. Rf2 Rcb7 40. b3 axb3 41. axb3 Nc5 42. Bxc5 $2 {[#] White does not recover from this.} (42. Ra2 $17) 42... Rxc5 $19 43. Rf3 Rbc7 44. h4 Bd8 45. Nc2 (45. Rc1 {is a better defense.}) 45... Rxc3 46. Nd4 Rxf3 47. Nxf3 {[%mdl 4096] Endgame KRB-KRN} Rc2+ 48. Kh3 Rc3 49. Kg2 Bb6 50. b4 Rc2+ 51. Kh3 Rf2 52. Rb3 Kf5 {Black is clearly winning.} 53. Rc3 (53. Nh2 $142) 53... d4 54. Rb3 Ke4 55. Ng5+ Kxe5 56. g4 hxg4+ 57. Kxg4 f5+ 58. Kg3 Rf1 59. Rb2 {Weighted Error Value: White=0.27/Black=0.08} 0-1

[Event "II Torneo Paterna-B 2021"]
[Site "Paterna"]
[Date "2021.10.18"]
[Round "3.3"]
[White "Roca Galarza, Jose"]
[Black "Kovacevic, Slobodan"]
[Result "0-1"]
[WhiteElo "2297"]
[BlackElo "2221"]
[Annotator "TA"]
[PlyCount "84"]
[EventDate "2021.10.18"]
[EventType "tourn"]
[EventCountry "ESP"]
[SourceTitle "playchess.com"]
[Source "ChessBase"]
[SourceQuality "1"]

{[%evp 22,84,35,9,14,0,11,0,0,0,13,8,14,-6,-1,-40,0,-5,18,-18,18,11,21,20,36,0,9,20,18,-117,-114,-120,-97,-91,-87,-112,-103,-164,-162,-171,-160,-237,-172,-186,-135,-157,-158,-120,-87,-112,-73,-214,-70,-85,-102,-160,-107,-272,-114,-233,-228,-153,-169,-1590,-1552]} 1. Nf3 c5 2. c4 b6 3. e3 Nf6 4. d4 e6 5. Nc3 cxd4 6. exd4 d6 7. Bd3 Bb7 8. O-O Nbd7 9. b3 Be7 10. Bb2 O-O 11. Re1 Re8 12. Qe2 Bf8 {E14: Queen's Indian: Classical Variation (4 e3).} 13. Rad1 a6 {[#]} 14. h3 $146 ({Predecessor:} 14. Bb1 Qc7 15. Qd3 Rac8 16. d5 e5 17. Ng5 g6 18. Qh3 h6 19. Nge4 Bg7 20. Bc1 {1-0 (39) Mona,K (2173)-Drakaki,A (1834) Chania 2014}) 14... Qc7 {The position is equal.} 15. Rc1 Rac8 16. Qe3 g6 17. Nd2 Qb8 18. b4 Qa8 19. Bf1 Qb8 20. a3 {[%cal Ba2a3,Ba3a4][%mdl 32]} Bg7 21. Nb3 Bf8 22. a4 Ba8 23. b5 a5 24. Ba3 Qb7 25. Rc2 {[#]} (25. Nb1 $11) 25... Rxc4 $1 $17 {[%mdl 512]} 26. Rec1 (26. Qd3 Rec8) 26... Rcc8 27. Nd2 Be7 28. f3 Qb8 29. Nce4 (29. Nc4 $17 {was worth a try.}) 29... Rxc2 $19 30. Rxc2 Nd5 31. Qh6 (31. Qe1 $17) 31... N7f6 32. Nc4 {[%cal Ra3d6]} Bf8 ({Black should play} 32... Nb4 $19 33. Bxb4 Bxe4 34. fxe4 axb4) 33. Qh4 Nxe4 34. fxe4 Nb4 35. Rf2 Qc7 36. Ne3 (36. Bb2 $17) 36... h5 (36... f5 $19 37. exf5 exf5) 37. Bb2 $1 $15 Bg7 38. g4 {[#]} (38. Qf4 $142) 38... hxg4 ({Much less strong is} 38... Bxe4 39. gxh5 Bb1 40. h6 $15) (38... Bh6 $142 $1 {[%cal Rh6e3]} 39. Qg3 h4) 39. Nxg4 (39. Qxg4 $17 {was the only defense.} Rf8 40. h4) 39... Qe7 (39... Bxe4 $19 {and Black stays clearly on top. aiming for ...d5.} 40. Qg5 d5) 40. Nh6+ (40. Nf6+ $17 Bxf6 41. Rxf6 Bxe4 42. Bc1) 40... Bxh6 $19 {[%mdl 64] Overworked Piece} 41. Qxh6 {And now d5! would win.} Bxe4 42. Rxf7 $2 ({Don't blunder} 42. d5 $2 e5 $19) (42. Bc1) 42... Qxf7 {Weighted Error Value: White=0.59/Black=0.27} 0-1